Statistiques concernant Pays Orthographe (Singulier)

Cliquez ici pour prendre le quiz!

Statistiques générales

  • Ce quiz a été pris 124 fois
  • Le résultat moyen est 44 sur 45

Statistiques - réponses

QuestionTuileSelect% Correct
Clique sur la bonne orthographe !MaraucNon
100%
Clique sur la bonne orthographe !MaroceNon
100%
Clique sur la bonne orthographe !MarocsNon
100%
Clique sur la bonne orthographe !MarokNon
100%
Clique sur la bonne orthographe !MarrocNon
100%
Clique sur la bonne orthographe !MarroqueNon
100%
Clique sur la bonne orthographe !MmarocNon
100%
Clique sur la bonne orthographe !MonggolieNon
100%
Clique sur la bonne orthographe !MongoliNon
100%
Clique sur la bonne orthographe !MongoliesNon
100%
Clique sur la bonne orthographe !MongolisNon
100%
Clique sur la bonne orthographe !MongolyNon
100%
Clique sur la bonne orthographe !SourinameNon
100%
Clique sur la bonne orthographe !ArgantineNon
99%
Clique sur la bonne orthographe !ArgentinesNon
99%
Clique sur la bonne orthographe !ArgentinneNon
99%
Clique sur la bonne orthographe !ArgenttineNon
99%
Clique sur la bonne orthographe !ArggentineNon
99%
Clique sur la bonne orthographe !ArggenttineNon
99%
Clique sur la bonne orthographe !MarocOui
99%
Clique sur la bonne orthographe !MaroqueNon
99%
Clique sur la bonne orthographe !SourinamNon
99%
Clique sur la bonne orthographe !SurienameNon
99%
Clique sur la bonne orthographe !SurinamesNon
99%
Clique sur la bonne orthographe !SurinamsNon
99%
Clique sur la bonne orthographe !SurrinameNon
99%
Clique sur la bonne orthographe !SurynameNon
99%
Clique sur la bonne orthographe !AregentineNon
98%
Clique sur la bonne orthographe !ArgentinNon
98%
Clique sur la bonne orthographe !ArgentineOui
98%
Clique sur la bonne orthographe !MongoleNon
98%
Clique sur la bonne orthographe !RouemanieNon
98%
Clique sur la bonne orthographe !RoumaniNon
98%
Clique sur la bonne orthographe !RoumaniesNon
98%
Clique sur la bonne orthographe !RoumanisNon
98%
Clique sur la bonne orthographe !RoumannieNon
98%
Clique sur la bonne orthographe !RumaniNon
98%
Clique sur la bonne orthographe !RumanieNon
98%
Clique sur la bonne orthographe !MongollieNon
97%
Clique sur la bonne orthographe !RoumanieOui
97%
Clique sur la bonne orthographe !RoummanieNon
97%
Clique sur la bonne orthographe !MomgolieNon
96%
Clique sur la bonne orthographe !MongolieOui
96%
Clique sur la bonne orthographe !SurinameOui
88%
Clique sur la bonne orthographe !SurinamNon
86%

Distribution des résultats

Percentile par nombre de réponses

% des personnes avec chaque résultat

Votre développement - résultats

Vous n’avez pas pris ce quiz